|
|
|
|
| LEADER |
01217nam a22002657a 4500 |
| 001 |
37734 |
| 003 |
BD-DhAAL |
| 008 |
220216t2017 bg a b 000 0 benod |
| 999 |
|
|
|c 43519
|d 43519
|
| 020 |
|
|
|a 9789849265986
|
| 040 |
|
|
|a BD-DhAAL
|
| 082 |
|
|
|a 370
|
| 100 |
|
|
|a মান্নান, ফারহানা
|9 45826
|
| 245 |
|
|
|a একুশ শতক :
|b অন্যরকম শিক্ষার সন্ধানে /
|c ফারহানা মান্নান
|
| 246 |
|
|
|a Ekush shatak :
|b onno rokom shikkhar shondhane
|
| 260 |
|
|
|a ঢাকা
|b আদর্শ,
|c ২০১৭
|
| 300 |
|
|
|a ১৩৫ পৃষ্ঠা ;
|b ২২ সে.মি.
|
| 504 |
|
|
|a গ্রন্থপঞ্জিগত নির্দেশিকা অন্তর্ভুক্ত।
|
| 526 |
|
|
|a BIED
|
| 541 |
|
|
|a Complimentary copy from BIED
|e 37734
|
| 650 |
|
|
|a Education
|y 21st century.
|9 45827
|
| 650 |
|
|
|a Education.
|9 45828
|
| 852 |
|
|
|a Ayesha Abed Library
|c BIED Collection
|
| 942 |
|
|
|2 ddc
|c BK
|
| 952 |
|
|
|0 0
|1 0
|2 ddc
|4 0
|6 370_000000000000000_MAN
|7 0
|9 69812
|a BRACUL
|b BRACUL
|c GEN
|d 2022-02-16
|e Complimentary copy from BIED
|l 0
|o 370 MAN
|p 3010037734
|r 2022-02-16
|t 1
|w 2022-02-16
|y BK
|x Transferred from BIED to General Stacks
|